[Event "FIN-chT 2223"]
[Site "Finland"]
[Date "2023.04.02"]
[Round "11.5"]
[White "Kokkila, Tero"]
[Black "Linden, Lari"]
[Result "1/2-1/2"]
[WhiteElo "2230"]
[BlackElo "2114"]
[PlyCount "40"]
[EventDate "2022.09.24"]
[EventType "team-tourn"]
[EventRounds "11"]
[EventCountry "FIN"]
[SourceTitle "EXT 2024"]
[Source "ChessBase"]
[SourceDate "2023.10.10"]
[SourceVersion "1"]
[SourceVersionDate "2023.10.10"]
[SourceQuality "1"]
[WhiteTeam "Vantaa EtVaS"]
[BlackTeam "Turku TuTS"]
[WhiteTeamCountry "FIN"]
[BlackTeamCountry "FIN"]

1. e4 e5 2. Nf3 Nf6 3. Nxe5 d6 4. Nf3 Nxe4 5. Nc3 Nxc3 6. dxc3 Be7 7. Be3 Nc6 8. Qd2 Be6 9. 0-0-0 Qd7 10. Kb1 a6 11. Nd4 Nxd4 12. Bxd4 0-0 13. h4 d5 14. Qe3 Rac8 15. Qg3 f6 16. h5 Bd6 17. Qh4 c5 18. Be3 Qf7 19. Be2 Rfd8 20. Bf3 d4 1/2-1/2

[Event "FIN-chT 2223"]
[Site "Finland"]
[Date "2022.10.15"]
[Round "3.6"]
[White "Narhi, Kimmo"]
[Black "Linden, Lari"]
[Result "1/2-1/2"]
[WhiteElo "2020"]
[BlackElo "2114"]
[PlyCount "47"]
[EventDate "2022.09.24"]
[EventType "team-tourn"]
[EventRounds "11"]
[EventCountry "FIN"]
[SourceTitle "EXT 2024"]
[Source "ChessBase"]
[SourceDate "2023.10.10"]
[SourceVersion "1"]
[SourceVersionDate "2023.10.10"]
[SourceQuality "1"]
[WhiteTeam "Salo SalSK"]
[BlackTeam "Turku TuTS"]
[WhiteTeamCountry "FIN"]
[BlackTeamCountry "FIN"]

1. d4 d5 2. c4 c6 3. Nf3 Nf6 4. Qc2 g6 5. cxd5 cxd5 6. Bf4 Nc6 7. e3 Bg7 8. Nc3 0-0 9. Be2 Bg4 10. h3 Bxf3 11. Bxf3 Qd7 12. 0-0 Rfc8 13. Rfc1 e6 14. Qd2 Ne8 15. Be2 Bf8 16. Bg3 Bd6 17. Bxd6 Nxd6 18. b3 Rc7 19. Nb5 Nxb5 20. Bxb5 Rac8 21. Rc3 a6 22. Bxc6 Rxc6 23. Rac1 R8c7 24. R1c2 1/2-1/2

[Event "FIN-chT 2223"]
[Site "Finland"]
[Date "2022.09.25"]
[Round "2.7"]
[White "Tusa, Tuukka"]
[Black "Linden, Lari"]
[Result "0-1"]
[WhiteElo "2130"]
[BlackElo "2114"]
[PlyCount "90"]
[EventDate "2022.09.24"]
[EventType "team-tourn"]
[EventRounds "11"]
[EventCountry "FIN"]
[SourceTitle "CBM 210 Extra"]
[Source "ChessBase"]
[SourceDate "2022.11.30"]
[SourceVersion "1"]
[SourceVersionDate "2022.11.30"]
[SourceQuality "1"]
[WhiteTeam "Helsinki Ninja"]
[BlackTeam "Turku TuTS"]
[WhiteTeamCountry "FIN"]
[BlackTeamCountry "FIN"]

1. c4 e5 2. g3 Nf6 3. Bg2 Nc6 4. Nc3 Bc5 5. e3 0-0 6. Nge2 d6 7. 0-0 a6 8. h3 h6 9. b3 Rb8 10. Kh2 Bf5 11. d4 exd4 12. exd4 Ba7 13. a3 Re8 14. Be3 Ne7 15. Rc1 Qd7 16. Nf4 Bh7 17. Nh5 Nxh5 18. Qxh5 Nf5 19. Qg4 h5 20. Qxh5 Bxd4 21. Bd2 c6 22. Qd1 Be5 23. Ne4 Bg6 24. Bc3 Rbd8 25. Bxe5 Rxe5 26. Nc3 Qe7 27. b4 Re8 28. Qd2 Qf6 29. Rcd1 R5e6 30. b5 axb5 31. cxb5 d5 32. a4 d4 33. Nb1 cxb5 34. axb5 Qe5 35. Na3 Qc5 36. Qb2 Re2 37. Qb3 b6 38. Rc1 Qe5 39. Nc4 Qb8 40. Rcd1 R8e6 41. Kg1 Ne3 42. Nxe3 dxe3 43. Rd4 exf2+ 44. Rxf2 R6e3 45. Qc4 Rxf2 0-1

[Event "Salo SK Autumn op"]
[Site "Salo"]
[Date "2019.10.12"]
[Round "2"]
[White "Valkama, Eero"]
[Black "Linden, Lari"]
[Result "1-0"]
[WhiteElo "2235"]
[BlackElo "2201"]
[PlyCount "143"]
[EventDate "2019.10.11"]
[EventType "swiss"]
[EventRounds "5"]
[EventCountry "FIN"]
[SourceTitle "EXT 2021"]
[Source "ChessBase"]
[SourceDate "2020.10.23"]
[SourceVersion "1"]
[SourceVersionDate "2020.10.23"]
[SourceQuality "1"]

1. e4 e5 2. Bc4 Nf6 3. d3 c6 4. Nf3 d5 5. Bb3 Bd6 6. Nc3 dxe4 7. dxe4 0-0 8. 0-0 Qe7 9. Qe2 Nbd7 10. a3 Nc5 11. Ba2 Bg4 12. h3 Bxf3 13. Qxf3 Ne6 14. Ne2 Nd4 15. Qd3 Nxe2+ 16. Qxe2 h6 17. Rd1 Bc5 18. c3 Rad8 19. Bd2 Rd7 20. b4 Bb6 21. Be1 Rfd8 22. Rxd7 Rxd7 23. Bb3 a6 24. Ra2 Qd8 25. g3 Qe7 26. Kg2 Qd8 27. Qc4 Qe7 28. Rd2 Rxd2 29. Bxd2 Ne8 30. Qd3 Qf6 31. Be1 Qe7 32. Kf3 Nc7 33. Kg2 Ne6 34. Qf3 a5 35. Qg4 Nd8 36. Bd2 axb4 37. axb4 Qf6 38. Qe2 Ne6 39. h4 Nd8 40. Bc4 Ne6 41. Kf1 Nd8 42. Ke1 Ne6 43. Be3 Bxe3 44. Qxe3 Qe7 45. Qb6 Nd8 46. Kd2 Qd6+ 47. Kc2 Kf8 48. Bd3 Ke7 49. Qe3 Kf8 50. Be2 Ne6 51. Bg4 Ke7 52. Kb3 Qc7 53. Qf3 c5 54. Bxe6 Kxe6 55. Qd3 cxb4 56. Qd5+ Ke7 57. Kxb4 Qd6+ 58. Qxd6+ Kxd6 59. Kb5 Kc7 60. Kc5 f6 61. h5 Kd7 62. Kb6 Kc8 63. Kc5 Kd7 64. Kd5 Ke7 65. f4 exf4 66. gxf4 Kf7 67. e5 fxe5 68. fxe5 Ke7 69. e6 Kd8 70. Kd6 Ke8 71. e7 b5 72. Ke6 1-0

[Event "FIN-chT 1819"]
[Site "Finland"]
[Date "2019.04.05"]
[Round "9.8"]
[White "Ihaksi, Arto"]
[Black "Linden, Lari"]
[Result "0-1"]
[WhiteElo "1921"]
[BlackElo "2130"]
[PlyCount "96"]
[EventDate "2018.09.15"]
[EventType "team-tourn"]
[EventRounds "11"]
[EventCountry "FIN"]
[SourceTitle "CBM 189 Extra"]
[Source "ChessBase"]
[SourceDate "2019.06.03"]
[SourceVersion "1"]
[SourceVersionDate "2019.06.03"]
[SourceQuality "1"]
[WhiteTeam "Kotka KymS"]
[BlackTeam "Turku TuTS"]
[WhiteTeamCountry "FIN"]
[BlackTeamCountry "FIN"]

1. d4 d5 2. Nf3 Nf6 3. g3 g6 4. Bg2 Bg7 5. 0-0 c6 6. b3 0-0 7. Bb2 Bf5 8. Nbd2 Qc8 9. Rc1 Bh3 10. c4 Bxg2 11. Kxg2 Qd8 12. a3 Nbd7 13. b4 Rc8 14. Qb3 dxc4 15. Nxc4 Nb6 16. Rfe1 Nxc4 17. Qxc4 Qd5 18. Qxd5 cxd5 19. e3 Ne4 20. Rxc8 Rxc8 21. Rc1 Rxc1 22. Bxc1 Kf8 23. Kf1 Ke8 24. Ke2 Kd7 25. Nd2 Kc6 26. Nb1 e5 27. dxe5 Bxe5 28. f3 Nd6 29. Kd3 Kb5 30. Bd2 Ka4 31. Kc2 Nb5 32. Bc1 a5 33. bxa5 Bc7 34. a6 bxa6 35. f4 Bd6 36. g4 Bxa3 37. Bd2 Bb4 38. Bc1 Nd6 39. g5 a5 40. Bb2 Nf5 41. Bc1 Nh4 42. Nc3+ Bxc3 43. Kxc3 Nf5 44. h3 Kb5 45. Kb3 d4 46. e4 Nd6 47. e5 Nf5 48. Ba3 a4+ 0-1

[Event "FIN-chT2 Gp3 1819"]
[Site "Finland"]
[Date "2018.11.10"]
[Round "4.1"]
[White "Leino, Jukka"]
[Black "Linden, Lari"]
[Result "0-1"]
[WhiteElo "2149"]
[BlackElo "2130"]
[PlyCount "70"]
[EventDate "2018.09.15"]
[EventType "team-tourn"]
[EventRounds "6"]
[EventCountry "FIN"]
[SourceTitle "EXT 2020"]
[Source "ChessBase"]
[SourceDate "2019.10.17"]
[SourceVersion "1"]
[SourceVersionDate "2019.10.17"]
[SourceQuality "1"]
[WhiteTeam "Salo SalSK II"]
[BlackTeam "Turku TuTS II"]
[WhiteTeamCountry "FIN"]
[BlackTeamCountry "FIN"]

1. e4 c5 2. Nf3 e6 3. c4 Nc6 4. d4 cxd4 5. Nxd4 Nf6 6. Nxc6 bxc6 7. Bd3 e5 8. 0-0 Bc5 9. Nc3 d6 10. Qe1 0-0 11. Be3 Nd7 12. Rd1 Qe7 13. Kh1 Re8 14. a3 Bxe3 15. Qxe3 Nc5 16. b4 Ne6 17. Ne2 Bb7 18. f4 exf4 19. Nxf4 Nxf4 20. Qxf4 Rad8 21. c5 dxc5 22. bxc5 Rxd3 23. Rxd3 Ba6 24. Rdf3 Bxf1 25. Rxf1 f6 26. h3 Qxc5 27. Rb1 Qxa3 28. Qc7 Qe7 29. Qxc6 Qxe4 30. Qb5 a5 31. Ra1 Ra8 32. Qd7 a4 33. Rc1 a3 34. Rc8+ Rxc8 35. Qxc8+ Kf7 0-1

[Event "FIN-chT2 Gp3 1819"]
[Site "Finland"]
[Date "2018.11.10"]
[Round "3.1"]
[White "Sobenin, Evgeny"]
[Black "Linden, Lari"]
[Result "1-0"]
[WhiteElo "1898"]
[BlackElo "2130"]
[PlyCount "61"]
[EventDate "2018.09.15"]
[EventType "team-tourn"]
[EventRounds "6"]
[EventCountry "FIN"]
[SourceTitle "EXT 2020"]
[Source "ChessBase"]
[SourceDate "2019.10.17"]
[SourceVersion "1"]
[SourceVersionDate "2019.10.17"]
[SourceQuality "1"]
[WhiteTeam "Helsinki LauttSK II"]
[BlackTeam "Turku TuTS II"]
[WhiteTeamCountry "FIN"]
[BlackTeamCountry "FIN"]

1. d4 d5 2. Nf3 Nf6 3. c4 c6 4. Nc3 dxc4 5. a4 Bf5 6. Ne5 Nbd7 7. Nxc4 Qc7 8. e3 e5 9. Be2 Bb4 10. 0-0 0-0 11. Na2 Be7 12. b4 Rfd8 13. Bb2 exd4 14. Bxd4 Nb6 15. Rc1 Nfd5 16. Qb3 Bf6 17. Rfd1 Qe7 18. Bc5 Qe6 19. a5 Nc8 20. Bf3 Be4 21. Nd2 Bxf3 22. Nxf3 a6 23. Nc3 Nxc3 24. Rxd8+ Bxd8 25. Qxe6 fxe6 26. Rxc3 Bf6 27. Rd3 Na7 28. Rd7 Nb5 29. Rxb7 Rd8 30. g3 Rd1+ 31. Kg2 1-0

[Event "Turku We TSY"]
[Site "Turku"]
[Date "2018.04.21"]
[Round "2"]
[White "Valkama, Eero"]
[Black "Linden, Lari"]
[Result "1/2-1/2"]
[WhiteElo "2220"]
[BlackElo "2150"]
[PlyCount "81"]
[EventDate "2018.04.20"]
[EventType "swiss"]
[EventRounds "5"]
[EventCountry "FIN"]
[SourceTitle "EXT 2022"]
[Source "ChessBase"]
[SourceDate "2021.10.06"]
[SourceVersion "1"]
[SourceVersionDate "2021.10.06"]
[SourceQuality "1"]

1. e4 c5 2. Nf3 e6 3. c4 Nc6 4. Nc3 e5 5. Be2 d6 6. 0-0 f5 7. exf5 Bxf5 8. d3 Be7 9. Be3 Nf6 10. Nd2 0-0 11. g4 Be6 12. Nde4 Qd7 13. h3 Nxe4 14. Nxe4 Nd4 15. f4 exf4 16. Bxf4 d5 17. Nc3 Rae8 18. Be5 Bg5 19. b3 Rxf1+ 20. Bxf1 dxc4 21. dxc4 Bxg4 22. Qxg4 Qxg4+ 23. hxg4 Rxe5 24. Bg2 Bf6 25. Rf1 Rg5 26. Ne4 Rxg4 27. Nxf6+ gxf6 28. Rxf6 Kg7 29. Rd6 Nf5 30. Rd7+ Kf6 31. Kf2 Rg7 32. Rxg7 Nxg7 33. Bxb7 Ke5 34. Ke3 h5 35. a3 a5 36. Kd3 h4 37. Kc3 h3 38. b4 axb4+ 39. axb4 cxb4+ 40. Kxb4 h2 41. c5 1/2-1/2

[Event "Pori We PSY"]
[Site "Pori"]
[Date "2018.03.03"]
[Round "3"]
[White "Palenius, Jarmo"]
[Black "Linden, Lari"]
[Result "0-1"]
[WhiteElo "1859"]
[BlackElo "2146"]
[PlyCount "56"]
[EventDate "2018.03.17"]
[EventType "swiss"]
[EventRounds "5"]
[EventCountry "FIN"]
[SourceTitle "EXT 2022"]
[Source "ChessBase"]
[SourceDate "2021.10.06"]
[SourceVersion "1"]
[SourceVersionDate "2021.10.06"]
[SourceQuality "1"]

1. d4 d5 2. c4 c6 3. cxd5 cxd5 4. Nc3 Nf6 5. Nf3 Nc6 6. Bf4 e6 7. e3 Be7 8. Bb5 0-0 9. 0-0 Bd7 10. Rc1 Nh5 11. Ne5 Nxf4 12. exf4 Nxe5 13. fxe5 Bxb5 14. Nxb5 Qb6 15. Qa4 a6 16. Nc3 Qxb2 17. Rc2 Qb6 18. Rb1 Qa7 19. Qd7 b5 20. Qxa7 Rxa7 21. Ne2 Raa8 22. Rc7 Ba3 23. Rd1 Rfc8 24. Rxc8+ Rxc8 25. Rd3 b4 26. Rd2 a5 27. Kf1 a4 28. Rd3 Rc2 0-1

[Event "FIN-chT 1718"]
[Site "Finland"]
[Date "2018.02.04"]
[Round "8.5"]
[White "Linden, Lari"]
[Black "Lehtosaari, Mauri"]
[Result "1-0"]
[WhiteElo "2127"]
[BlackElo "2157"]
[PlyCount "139"]
[EventDate "2017.09.16"]
[EventType "team-tourn"]
[EventRounds "11"]
[EventCountry "FIN"]
[SourceTitle "EXT 2019"]
[Source "ChessBase"]
[SourceDate "2018.10.10"]
[SourceVersion "1"]
[SourceVersionDate "2018.10.10"]
[SourceQuality "1"]
[WhiteTeam "Turku TuTS"]
[BlackTeam "Kotka KymS"]
[WhiteTeamCountry "FIN"]
[BlackTeamCountry "FIN"]

1. d4 d5 2. c4 c6 3. Nf3 Nf6 4. e3 Bf5 5. Nc3 e6 6. Nh4 Bg6 7. Nxg6 hxg6 8. Qf3 Nbd7 9. Bd2 Nb6 10. cxd5 exd5 11. g4 Bb4 12. Bd3 Qe7 13. a3 Bxc3 14. Bxc3 Ne4 15. Bb4 Qe6 16. 0-0-0 a5 17. Be1 Nc4 18. Bxc4 dxc4 19. Qe2 b5 20. f3 Nf6 21. e4 0-0 22. Qc2 Rfb8 23. Bg3 Rb7 24. g5 Nh7 25. d5 cxd5 26. Rxd5 Rd7 27. Rxb5 Rd3 28. Rf1 Qc6 29. a4 Rad8 30. Be1 c3 31. Bxc3 Qc4 32. Re1 Qa2 33. Rd5 R3xd5 34. exd5 Qxd5 35. Rd1 Qxg5+ 36. Kb1 Rxd1+ 37. Qxd1 Qf5+ 38. Ka1 Ng5 39. Qd8+ Kh7 40. Qxa5 Qxf3 41. Qxg5 Qd1+ 42. Ka2 Qxa4+ 43. Kb1 Qe4+ 44. Kc1 Qh1+ 45. Kc2 Qxh2+ 46. Qd2 Qh1 47. b4 Qc6 48. Qd3 f6 49. b5 Qg2+ 50. Kb3 Qg4 51. Qc4 Qd1+ 52. Kb4 g5 53. Ka5 g4 54. b6 Qf3 55. Qc7 Qa8+ 56. Kb5 Qd5+ 57. Kb4 Qe4+ 58. Kc5 Qf5+ 59. Kd6 Qd3+ 60. Ke7 Qe4+ 61. Kf8 Qa8+ 62. Ke7 Qe4+ 63. Be5 g3 64. Kf8 Qa8+ 65. Qb8 Qd5 66. Bxg3 Kg6 67. Qe8+ Kf5 68. Qc8+ Kg6 69. Qg4+ Kh7 70. Qxg7# 1-0

[Event "FIN-chT 1718"]
[Site "Finland"]
[Date "2017.09.17"]
[Round "2.8"]
[White "Soderberg, Stefan"]
[Black "Linden, Lari"]
[Result "0-1"]
[WhiteElo "1977"]
[BlackElo "2127"]
[PlyCount "100"]
[EventDate "2017.09.16"]
[EventType "team-tourn"]
[EventRounds "11"]
[EventCountry "FIN"]
[SourceTitle "CBM 180 Extra"]
[Source "ChessBase"]
[SourceDate "2017.10.06"]
[SourceVersion "1"]
[SourceVersionDate "2017.10.06"]
[SourceQuality "1"]
[WhiteTeam "Karjaa KarjUra"]
[BlackTeam "Turku TuTS"]
[WhiteTeamCountry "FIN"]
[BlackTeamCountry "FIN"]

1. b3 d5 2. Bb2 Bf5 3. Nf3 e6 4. e3 Nf6 5. a3 Be7 6. d3 0-0 7. Nbd2 c5 8. Nh4 Bg4 9. Nhf3 Nc6 10. h3 Bh5 11. Be2 Rc8 12. Ne5 Bxe2 13. Qxe2 Nxe5 14. Bxe5 Nd7 15. Bb2 Bf6 16. Bxf6 Qxf6 17. 0-0 Rfd8 18. e4 Qc3 19. Ra2 Nb6 20. Nb1 Qe5 21. c3 c4 22. bxc4 dxe4 23. d4 Qf5 24. Nd2 e5 25. d5 Qg6 26. a4 f5 27. Re1 Qd6 28. a5 Nd7 29. g4 g6 30. g5 Qe7 31. h4 h6 32. Nxe4 fxe4 33. Qxe4 Kh7 34. f4 Qc5+ 35. Rf2 Rf8 36. h5 Rf5 37. hxg6+ Kxg6 38. gxh6 Nf6 39. Qg2+ Kxh6 40. Qh3+ Rh5 41. Re3 Rg8+ 42. Kf1 Qxc4+ 43. Ke1 Rxh3 44. Rxh3+ Nh5 45. Rfh2 Rg1+ 46. Kd2 Qxf4+ 47. Kc2 Qc1+ 48. Kb3 Rg5 49. Rh1 Qd2 50. Kc4 e4 0-1

[Event "FIN-chT 1718"]
[Site "Finland"]
[Date "2017.09.16"]
[Round "1.8"]
[White "Linden, Lari"]
[Black "Kosmo, Santul"]
[Result "0-1"]
[WhiteElo "2127"]
[BlackElo "2201"]
[PlyCount "38"]
[EventDate "2017.09.16"]
[EventType "team-tourn"]
[EventRounds "11"]
[EventCountry "FIN"]
[SourceTitle "CBM 180 Extra"]
[Source "ChessBase"]
[SourceDate "2017.10.06"]
[SourceVersion "1"]
[SourceVersionDate "2017.10.06"]
[SourceQuality "1"]
[WhiteTeam "Turku TuTS"]
[BlackTeam "Helsinki SSK"]
[WhiteTeamCountry "FIN"]
[BlackTeamCountry "FIN"]

1. d4 Nf6 2. c4 c5 3. d5 e6 4. Nc3 exd5 5. cxd5 d6 6. e4 g6 7. f4 Bg7 8. Bb5+ Nfd7 9. a4 0-0 10. Nf3 Na6 11. 0-0 Nb4 12. Be2 Re8 13. Nd2 Nf6 14. Bf3 h5 15. h3 Ng4 16. Nc4 Bd4+ 17. Kh1 Nf2+ 18. Rxf2 Bxf2 19. Qf1 Bh4 0-1

[Event "Naantali Avoin op"]
[Site "Naantali"]
[Date "2017.07.04"]
[Round "3"]
[White "Kiik, Kalle"]
[Black "Linden, Lari"]
[Result "1-0"]
[WhiteElo "2409"]
[BlackElo "2131"]
[PlyCount "107"]
[EventDate "2017.07.03"]
[EventType "swiss"]
[EventRounds "7"]
[EventCountry "FIN"]
[SourceTitle "EXT 2018"]
[Source "ChessBase"]
[SourceDate "2017.10.13"]
[SourceVersion "1"]
[SourceVersionDate "2017.10.13"]
[SourceQuality "1"]

1. e4 d6 2. d4 Nf6 3. Nc3 c6 4. f3 Nbd7 5. Be3 e5 6. Nge2 Qa5 7. Nc1 Be7 8. Nb3 Qc7 9. a4 0-0 10. Be2 Rd8 11. d5 Nc5 12. Nxc5 dxc5 13. Bc4 Be6 14. Qd2 Rd7 15. 0-0 Rad8 16. Rfd1 b6 17. dxe6 Rxd2 18. exf7+ Kf8 19. Rxd2 Rxd2 20. Bxd2 a6 21. Bxa6 Kxf7 22. Bc4+ Kf8 23. a5 bxa5 24. Ne2 Bd8 25. Bc3 Qe7 26. Nc1 Ne8 27. Nd3 Bc7 28. Bxa5 Bxa5 29. Rxa5 Nd6 30. Ra8+ Ne8 31. Kf1 Qg5 32. b3 Qd2 33. h3 Ke7 34. Ra7+ Kd6 35. f4 Qd1+ 36. Kf2 Qd2+ 37. Kf3 Qd1+ 38. Kg3 exf4+ 39. Kxf4 Qd2+ 40. Kf3 Qd1+ 41. Kg3 Nc7 42. e5+ Kd7 43. Nxc5+ Kc8 44. Nd3 Qg1 45. Ra5 Kd7 46. Rc5 g6 47. e6+ Nxe6 48. Bxe6+ Kxe6 49. Rxc6+ Kd5 50. Rc4 Qe3+ 51. Kh2 Qd2 52. Rc5+ Kd4 53. c3+ Ke4 54. Re5+ 1-0

[Event "Naantali Avoin op"]
[Site "Naantali"]
[Date "2017.07.04"]
[Round "2"]
[White "Linden, Lari"]
[Black "Tocklin, Tomi"]
[Result "1-0"]
[WhiteElo "2131"]
[BlackElo "1846"]
[PlyCount "55"]
[EventDate "2017.07.03"]
[EventType "swiss"]
[EventRounds "7"]
[EventCountry "FIN"]
[SourceTitle "EXT 2018"]
[Source "ChessBase"]
[SourceDate "2017.10.13"]
[SourceVersion "1"]
[SourceVersionDate "2017.10.13"]
[SourceQuality "1"]

1. d4 Nf6 2. c4 c5 3. d5 b5 4. cxb5 a6 5. bxa6 Bxa6 6. Nc3 d6 7. g3 g6 8. Bg2 Bg7 9. Nf3 0-0 10. 0-0 Nbd7 11. Rb1 Qa5 12. Bd2 Rfb8 13. Qc2 Ng4 14. a4 Nge5 15. Nxe5 Nxe5 16. b3 Qd8 17. Rfe1 Rb7 18. f4 Nd7 19. e4 Rab8 20. Bf1 Bxf1 21. Kxf1 Bxc3 22. Bxc3 Qb6 23. Kg2 Qa6 24. e5 Nb6 25. Rbd1 c4 26. exd6 cxb3 27. Qe4 exd6 28. Qe8+ 1-0

[Event "Naantali Avoin op"]
[Site "Naantali"]
[Date "2017.07.03"]
[Round "1"]
[White "Norlamo, Sarabella"]
[Black "Linden, Lari"]
[Result "0-1"]
[WhiteElo "1649"]
[BlackElo "2131"]
[PlyCount "138"]
[EventDate "2017.07.03"]
[EventType "swiss"]
[EventRounds "7"]
[EventCountry "FIN"]
[SourceTitle "EXT 2018"]
[Source "ChessBase"]
[SourceDate "2017.10.13"]
[SourceVersion "1"]
[SourceVersionDate "2017.10.13"]
[SourceQuality "1"]

1. d4 d5 2. Nf3 Nf6 3. e3 Bf5 4. b3 e6 5. Bb2 Be7 6. Be2 h6 7. Nbd2 Nbd7 8. 0-0 0-0 9. c4 c6 10. Qc1 Qa5 11. Bc3 Qc7 12. Bb2 Rfe8 13. Ba3 a6 14. Bxe7 Rxe7 15. Qc3 Rae8 16. Rac1 e5 17. dxe5 Nxe5 18. Nxe5 Rxe5 19. Nf3 R5e7 20. Rfd1 Be4 21. Nd2 Bg6 22. Nf3 Qb8 23. cxd5 Nxd5 24. Qb2 Re6 25. Bc4 Rf6 26. Bxd5 cxd5 27. Rxd5 Be4 28. Rd7 Bc6 29. Rd4 Bxf3 30. gxf3 Rxf3 31. Rg4 g6 32. Qc2 Qd6 33. Qc7 Qf6 34. Rf4 Qg5+ 35. Kf1 Rxf4 36. Qxf4 Qxf4 37. exf4 Re7 38. Rc5 Kg7 39. Kg2 Re2 40. a3 Ra2 41. Ra5 Rb2 42. b4 Rb3 43. f3 Kf6 44. Kg3 Ke6 45. Kg4 Rd3 46. h4 h5+ 47. Kg3 Rd5 48. Ra4 Rb5 49. Kf2 Kf5 50. Ke3 f6 51. Ra5 g5 52. fxg5 fxg5 53. hxg5 Kxg5 54. Kf2 Kf4 55. Rxb5 axb5 56. Kg2 h4 57. Kh3 Kxf3 58. Kxh4 Ke4 59. Kg4 Kd4 60. Kf4 Kc3 61. Ke4 Kb3 62. Kd3 Kxa3 63. Kc3 Ka4 64. Kc2 Kxb4 65. Kb2 b6 66. Ka1 Kb3 67. Kb1 b4 68. Ka1 Kc2 69. Ka2 b3+ 0-1

[Event "Turku We TuTS"]
[Site "Turku"]
[Date "2016.12.03"]
[Round "2"]
[White "Linden, Lari"]
[Black "Niemi, Kalle"]
[Result "0-1"]
[WhiteElo "2128"]
[BlackElo "2343"]
[PlyCount "96"]
[EventDate "2016.12.02"]
[EventType "swiss"]
[EventRounds "5"]
[EventCountry "FIN"]
[SourceTitle "EXT 2022"]
[Source "ChessBase"]
[SourceDate "2021.10.06"]
[SourceVersion "1"]
[SourceVersionDate "2021.10.06"]
[SourceQuality "1"]

1. Nf3 d5 2. d4 Nf6 3. c4 e6 4. g3 dxc4 5. Bg2 a6 6. 0-0 Nc6 7. Nc3 Rb8 8. e4 Be7 9. Qe2 b5 10. Rd1 0-0 11. d5 exd5 12. e5 d4 13. exf6 Bxf6 14. Ne4 Be7 15. Be3 d3 16. Qd2 Nb4 17. Ba7 Rb7 18. Bc5 Nc2 19. Rac1 f5 20. Bxe7 Qxe7 21. Nc3 c6 22. Qf4 Rd7 23. Rd2 Qf6 24. Rcxc2 dxc2 25. Rxc2 Re8 26. h4 g6 27. Kh2 Qd6 28. Qh6 Rf7 29. Rd2 Qf6 30. Ne2 Rfe7 31. Nf4 Qg7 32. Qg5 Rd7 33. Rc2 Rd6 34. Nh3 h6 35. Qf4 Rd3 36. Qc1 c5 37. Nf4 Rd6 38. Kg1 Bb7 39. b3 Red8 40. Qe3 Be4 41. Rc3 Rd3 42. Rxd3 cxd3 43. Nd2 Qd4 44. Qxd4 Rxd4 45. Ne6 Rd5 46. f3 c4 47. bxc4 bxc4 48. fxe4 c3 0-1